000 00621nam a2200217Ia 4500
005 20250508164559.0
008 008 250505s9999 xx 000 0 eng d
037 _aTextual
040 _aFEDL
_beng
_cFEDL
041 _aeng
_2eng
084 _a371.3078, NCE
_qFEDL
100 _aRay S Ed.
245 0 _aExemplar instructional material for work experience on electricity at work. Classes VI - VIII
245 0 _cN C E R T
260 _aNew Delhi, India
_bNCERT
_c1987
300 _a53p.
365 _aINR
_b5.9
546 _aMACESE
942 _cTEXL
_h371.3078, NCE
999 _c1389916
_d1389916